|
|
|
|
| LEADER |
00000nam0a2200000 4500 |
| 001 |
682342 |
| 005 |
20251015133749.0 |
| 090 |
|
|
|a 682342
|
| 100 |
|
|
|a 20251015d1976 km|y0rusy50 ca
|
| 101 |
0 |
|
|a rus
|
| 102 |
|
|
|a RU
|
| 105 |
|
|
|a a z 001yy
|
| 181 |
|
0 |
|a i
|b e
|
| 182 |
|
0 |
|a n
|
| 183 |
|
0 |
|a nc
|2 RDAcarrier
|
| 200 |
1 |
|
|a Подземная разработка тонких и средней мощности угольных пластов
|e [сборник статей]
|f Тульский политехнический институт
|
| 203 |
|
|
|a Текст
|b визуальный
|c непосредственный
|
| 210 |
|
|
|a Тула
|c [б. и.]
|d 1977
|
| 215 |
|
|
|a 139 с.
|c ил.
|
| 283 |
|
|
|a volume
|2 RDAcarrier
|
| 320 |
|
|
|a Литература в конце статей
|
| 606 |
|
|
|a Угольные пласты, крутопадающие
|x Разработка подземная
|9 88293
|
| 610 |
1 |
|
|a очистные комплексы
|
| 610 |
1 |
|
|a крепи
|
| 610 |
1 |
|
|a добыча угля
|
| 610 |
1 |
|
|a кровли
|
| 675 |
|
|
|a 622.274
|v 4
|
| 712 |
0 |
2 |
|a Тульский политехнический институт
|c (1963-1992)
|4 570
|9 23322
|
| 801 |
|
0 |
|a RU
|b 63413507
|c 20251015
|
| 830 |
|
|
|a Ретро2025Каталогизация Мотырева
|
| 850 |
|
|
|a 63413507
|
| 942 |
|
|
|c BK
|